[Event "Obert Barbera 2007 Grup B"]
[Site "?"]
[Date "2007.07.10"]
[Round "5"]
[White "Sabria Batlle, Pol"]
[Black "Ferrer Roche, Marc"]
[Result "0-1"]
[WhiteElo "1951"]
[BlackElo "2095"]
[PlyCount "80"]
[SourceDate "2007.07.07"]

1. d4 d5 2. c4 e6 3. Nc3 Nf6 4. Bg5 Be7 5. Nf3 Nbd7 6. e3 O-O 7. Bd3 h6 8. Bh4
c6 9. O-O dxc4 10. Bxc4 Nd5 11. Bxe7 Qxe7 12. e4 Nxc3 13. bxc3 e5 14. Re1 exd4
15. cxd4 b5 16. Bd3 Rb8 17. Qe2 Nb6 18. Rac1 Bb7 19. e5 Nd5 20. Qe4 f5 21. exf6
Qxe4 22. Bxe4 Rxf6 23. Bxd5+ cxd5 24. Re7 Rf7 25. Rxf7 Kxf7 26. Rc7+ Kg8 27.
Kf1 a5 28. Ne5 Ba6 29. Ke1 b4 30. Kd2 a4 31. Kc1 b3 32. Kb1 Bf1 33. axb3 Rxb3+
34. Ka2 Bxg2 35. h4 Rh3 36. Ng6 Be4 37. Nf4 Rxh4 38. Ne6 g5 39. Ka3 Bf5 40. Nc5
Rxd4 0-1

[Event "Obert Barbera 2007 Grup B"]
[Site "?"]
[Date "2007.07.10"]
[Round "5"]
[White "Delgadillo Torrico, Felipe"]
[Black "Amor Alcaide, Manuel"]
[Result "1-0"]
[WhiteElo "2038"]
[BlackElo "2029"]
[PlyCount "103"]
[SourceDate "2007.07.07"]

1. e4 d6 2. d4 Nf6 3. Nc3 c6 4. Nf3 Qc7 5. h3 a6 6. Be2 b5 7. e5 Nd5 8. Nxd5
cxd5 9. O-O dxe5 10. Nxe5 e6 11. f4 Bd6 12. a3 O-O 13. c3 f6 14. Ng4 Nd7 15.
Bd3 f5 16. Ne5 Nf6 17. Bd2 Bd7 18. Qe2 Ne4 19. Bxe4 fxe4 20. Nxd7 Qxd7 21. Rf2
a5 22. g3 Qc6 23. Raf1 b4 24. axb4 axb4 25. Kg2 g6 26. h4 Ra2 27. h5 Rxb2 28.
hxg6 hxg6 29. Qg4 Kg7 30. Qxe6 Rf6 31. Qh3 bxc3 32. Rh1 Kf7 33. Qh8 Bf8 34.
Rh7+ Ke8 35. Bc1 Rxf2+ 36. Kxf2 Rf7 37. Qe5+ Be7 38. Qb8+ Bd8 39. Rh8+ Rf8 40.
Rxf8+ Kxf8 41. Qxd8+ Kf7 42. Ba3 Qb7 43. Qf8+ Ke6 44. Qe8+ Kf6 45. Qe5+ Kf7 46.
f5 gxf5 47. Qxf5+ Kg7 48. Bf8+ Kg8 49. Bh6 Qb2+ 50. Kg1 Qb7 51. Qg6+ Kh8 52.
Bf4 1-0

[Event "Obert Barbera 2007 Grup B"]
[Site "?"]
[Date "2007.07.10"]
[Round "5"]
[White "Aguilera Bonaque, Juan Carlos"]
[Black "Trabalon Cerrato, Ivan"]
[Result "1-0"]
[WhiteElo "2035"]
[BlackElo "1919"]
[PlyCount "75"]
[SourceDate "2007.07.07"]

1. e4 c5 2. Nf3 d6 3. d4 cxd4 4. Nxd4 Nf6 5. Nc3 g6 6. Be2 Bg7 7. Be3 Nc6 8.
O-O O-O 9. Kh1 d5 10. Nxc6 bxc6 11. e5 Nd7 12. f4 e6 13. Na4 Qa5 14. c4 Rd8 15.
c5 Ba6 16. Bxa6 Qxa6 17. b4 Qb5 18. a3 Rdb8 19. Rb1 Bf8 20. Nb2 Qa6 21. Qa4
Qxa4 22. Nxa4 Be7 23. Rfc1 Bd8 24. Nc3 a6 25. a4 Rc8 26. Ne2 Rab8 27. Nd4 Be7
28. Ne2 a5 29. b5 cxb5 30. c6 Nb6 31. c7 Rb7 32. Rxb5 d4 33. Bxd4 Rcxc7 34.
Rxc7 Rxc7 35. Bxb6 Rc2 36. Ng1 Bb4 37. Bxa5 Bc5 38. Bb6 1-0

[Event "Obert Barbera 2007 Grup B"]
[Site "?"]
[Date "2007.07.10"]
[Round "5"]
[White "Gonzalez Muelas, Javier"]
[Black "L'Hermitte, Emmanuel"]
[Result "0-1"]
[WhiteElo "1933"]
[BlackElo "2048"]
[PlyCount "68"]
[SourceDate "2007.07.07"]

1. e4 c5 2. Nf3 d6 3. d4 cxd4 4. Nxd4 Nf6 5. Nc3 a6 6. Be2 e6 7. Be3 Be7 8. O-O
O-O 9. f3 Qc7 10. Qe1 Nc6 11. Qf2 Ne5 12. Kh1 b5 13. Nd1 Bb7 14. Rc1 d5 15.
exd5 Nxd5 16. Nb3 Nxe3 17. Qxe3 Nc4 18. Qf2 Rfd8 19. Bd3 a5 20. Nd4 Qf4 21. Ne2
Qh6 22. f4 Nd2 23. Re1 Ne4 24. Bxe4 Bxe4 25. Ng3 Bb7 26. Nf5 exf5 27. Rxe7 Be4
28. Nc3 Bc6 29. Qe3 b4 30. Ne2 Qd6 31. Re1 Qd5 32. Qg3 Rd6 33. Ng1 Rg6 34. Qf3
Qb5 0-1

[Event "Obert Barbera 2007 Grup B"]
[Site "?"]
[Date "2007.07.10"]
[Round "5"]
[White "Garcia Riera, Josep"]
[Black "Martinez Llobet, Juan"]
[Result "1-0"]
[WhiteElo "2033"]
[BlackElo "1883"]
[PlyCount "55"]
[SourceDate "2007.07.07"]

1. d4 e5 2. dxe5 Nc6 3. Nf3 Qe7 4. Nc3 Nxe5 5. e4 Nxf3+ 6. Qxf3 Qf6 7. Bf4 Bb4
8. Bxc7 Qxf3 9. gxf3 Ne7 10. O-O-O Bxc3 11. bxc3 O-O 12. Bc4 Re8 13. h4 a6 14.
a4 Nc6 15. e5 b5 16. axb5 axb5 17. Bxb5 Bb7 18. Rhe1 Ra1+ 19. Kd2 Rxd1+ 20.
Kxd1 Ra8 21. Kd2 Kf8 22. f4 g6 23. h5 Ke7 24. hxg6 hxg6 25. Rg1 Ke6 26. Bc4+
Ke7 27. f5 gxf5 28. Bd6+ 1-0

[Event "Obert Barbera 2007 Grup B"]
[Site "?"]
[Date "2007.07.10"]
[Round "5"]
[White "Gomez Jimenez, Ruben"]
[Black "Vives Cabau, Jordi"]
[Result "1-0"]
[WhiteElo "1916"]
[BlackElo "2025"]
[PlyCount "107"]
[SourceDate "2007.07.07"]

1. d4 d6 2. c4 e5 3. Nc3 f5 4. dxe5 dxe5 5. Qxd8+ Kxd8 6. Nf3 e4 7. Nd4 c6 8.
Bf4 Nf6 9. O-O-O Ke8 10. f3 Be7 11. g3 Kf7 12. Bg2 exf3 13. exf3 Na6 14. h3 Nc5
15. g4 Ne6 16. Nce2 Nxf4 17. Nxf4 c5 18. Nb5 Rb8 19. Nxa7 Ra8 20. Nxc8 Rhxc8
21. a3 g5 22. Nd5 Nxd5 23. Rxd5 f4 24. h4 gxh4 25. g5 Rd8 26. Rxd8 Rxd8 27.
Rxh4 Kg7 28. Rh5 Rh8 29. Bh3 Kg6 30. Rh6+ Kxg5 31. Rb6 Rb8 32. Re6 Bf6 33. Bg4
Rg8 34. Kc2 Bd4 35. Re7 h5 36. Be6 Kf6 37. Rd7 Re8 38. Bd5 Re2+ 39. Kd3 Rxb2
40. Rxb7 h4 41. Rxb2 Bxb2 42. Ke2 h3 43. Kf1 Bd4 44. a4 Kg5 45. Be6 Kh4 46. a5
Kg3 47. Bxh3 Be5 48. a6 Bb8 49. Bg4 Kh4 50. Ke2 Kg5 51. Kd3 Kf6 52. Ke4 Ke7 53.
Kd5 Kd8 54. Kc6 1-0

[Event "Obert Barbera 2007 Grup B"]
[Site "?"]
[Date "2007.07.10"]
[Round "5"]
[White "Rios Torondell, Jaume"]
[Black "Benavides Arias, Luis Alberto"]
[Result "1-0"]
[WhiteElo "2017"]
[BlackElo "1879"]
[PlyCount "93"]
[SourceDate "2007.07.07"]

1. e4 c5 2. Nf3 d6 3. d4 cxd4 4. Nxd4 Nf6 5. Nc3 a6 6. Be3 e5 7. Nb3 Be6 8. Qd2
Nbd7 9. f3 b5 10. O-O-O Be7 11. Kb1 O-O 12. g4 Nb6 13. Qf2 Nfd7 14. h4 Qc7 15.
g5 b4 16. Nd5 Nxd5 17. exd5 Bf5 18. Bh3 Bxh3 19. Rxh3 a5 20. h5 a4 21. Nc1 Rac8
22. Rh4 Rb8 23. Nd3 Qa5 24. Bd2 Qxd5 25. Nxb4 Qb7 26. Be3 d5 27. a3 d4 28. Bd2
Nb6 29. f4 f6 30. gxf6 Bxf6 31. fxe5 Bxh4 32. Qxh4 Qf3 33. Rg1 Kh8 34. h6 gxh6
35. Bxh6 Rg8 36. Rxg8+ Rxg8 37. Qf6+ Qxf6 38. exf6 Rg1+ 39. Ka2 Kg8 40. Nd3 Kf7
41. Bg7 h5 42. Ne5+ Kg8 43. Bh6 Rf1 44. f7+ Rxf7 45. Nxf7 Kxf7 46. Bg5 Ke6 47.
b3 1-0

[Event "Obert Barbera 2007 Grup B"]
[Site "?"]
[Date "2007.07.10"]
[Round "5"]
[White "Molero Tejada, Santiago"]
[Black "Gonzalez Muelas, Marco Antonio"]
[Result "1-0"]
[WhiteElo "2009"]
[BlackElo "1846"]
[PlyCount "55"]
[SourceDate "2007.07.07"]

1. d4 d5 2. c4 c6 3. Nc3 Nf6 4. Bf4 g6 5. e3 Bg7 6. Nf3 O-O 7. Be2 Nbd7 8. b4
Re8 9. Bg3 Ne4 10. Nxe4 dxe4 11. Nd2 f5 12. Rc1 e5 13. d5 Qf6 14. dxc6 bxc6 15.
c5 Nb8 16. f3 exf3 17. Nxf3 Bh6 18. Bc4+ Kh8 19. Qb3 Bxe3 20. Qxe3 f4 21. Qc3
fxg3 22. O-O gxh2+ 23. Kh1 Qg7 24. Nxe5 Qxe5 25. Rf8+ Kg7 26. Rxe8 Qxc3 27.
Rxc3 Na6 28. Bxa6 1-0

[Event "Obert Barbera 2007 Grup B"]
[Site "?"]
[Date "2007.07.10"]
[Round "5"]
[White "Valarezzo Ricard, Pedro"]
[Black "Lopez Peralta, Xavier"]
[Result "1-0"]
[WhiteElo "1976"]
[BlackElo "1882"]
[PlyCount "80"]
[SourceDate "2007.07.07"]

1. d4 d5 2. Bf4 Nf6 3. e3 Bf5 4. Nf3 e6 5. Nbd2 Bd6 6. Ne5 Nbd7 7. Be2 h6 8. c4
c6 9. Nxf7 Kxf7 10. Bxd6 Nb6 11. c5 Nc8 12. Be5 Nd7 13. Bh5+ Kf8 14. Bg3 Rg8
15. Bg4 g6 16. Bxf5 exf5 17. h4 Qe8 18. Nf3 Qe4 19. Bf4 Kg7 20. O-O Kh7 21. Qb3
b6 22. Rac1 Ne7 23. cxb6 Nxb6 24. Ne5 Nc4 25. f3 Rab8 26. fxe4 Rxb3 27. axb3
Nxe5 28. Bxe5 dxe4 29. Bd6 Nd5 30. Rxc6 Rd8 31. Ra1 Ra8 32. Ra5 Nxe3 33. Rc7+
Kg8 34. Raxa7 Rxa7 35. Rxa7 Nd5 36. Be5 e3 37. g3 Nb4 38. Kf1 g5 39. hxg5 hxg5
40. Rg7+ Kf8 1-0

[Event "Obert Barbera 2007 Grup B"]
[Site "?"]
[Date "2007.07.10"]
[Round "5"]
[White "Palacios Pena, Gerardo"]
[Black "Basas Gamazo, Josep"]
[Result "0-1"]
[WhiteElo "1930"]
[BlackElo "2089"]
[PlyCount "84"]
[SourceDate "2007.07.07"]

1. Nf3 Nf6 2. b3 g6 3. Bb2 Bg7 4. g3 O-O 5. Bg2 d6 6. d3 e5 7. Nbd2 Nc6 8. O-O
Nh5 9. e4 f5 10. h3 f4 11. g4 Nf6 12. d4 exd4 13. Nxd4 Ne5 14. N4f3 Nfd7 15.
Rb1 Qe7 16. Nxe5 Nxe5 17. Nf3 Be6 18. Nxe5 Bxe5 19. f3 Rad8 20. c4 h5 21. Bxe5
hxg4 22. fxg4 dxe5 23. Qf3 Rd4 24. Rbd1 Rfd8 25. Rxd4 Rxd4 26. Rd1 Qd8 27. Rxd4
Qxd4+ 28. Kh2 a5 29. h4 Kg7 30. g5 Qd7 31. h5 Qd8 32. Bh3 Bxh3 33. Qxh3 Qxg5
34. Qd7+ Kh6 35. hxg6 Qh5+ 36. Kg1 Qxg6+ 37. Kf1 Qxe4 38. Qxc7 f3 39. Qd6+ Kh5
40. Qd2 Kg4 41. Qd7+ Kf4 42. Qf7+ Ke3 0-1

[Event "Obert Barbera 2007 Grup B"]
[Site "?"]
[Date "2007.07.10"]
[Round "5"]
[White "Echarri Torres, Miguel"]
[Black "Gonzalez Garcia, Sergi"]
[Result "1-0"]
[WhiteElo "2113"]
[BlackElo "1881"]
[PlyCount "107"]
[SourceDate "2007.07.07"]

1. c4 Nf6 2. Nf3 g6 3. Nc3 Bg7 4. e4 d6 5. d4 O-O 6. Be2 c5 7. O-O b6 8. Be3
Bb7 9. Qc2 Nbd7 10. d5 Ng4 11. Bf4 Nge5 12. Nd2 f6 13. Bg3 g5 14. Nd1 Qe8 15.
Ne3 Qg6 16. Qd1 Qe8 17. Nf5 Kh8 18. Bh5 Qd8 19. Qe2 Nf7 20. f4 Nh6 21. Nxg7
Kxg7 22. fxg5 fxg5 23. Nf3 Nf6 24. Nxg5 Bc8 25. e5 Nxh5 26. Qxh5 Rf5 27. Rxf5
Bxf5 28. Rf1 Qe8 29. Qh4 Qg6 30. e6 Ng4 31. Be1 Nf6 32. Rf3 Rg8 33. Bc3 Kf8 34.
Bxf6 exf6 35. Qf2 Qxg5 36. Rxf5 Qc1+ 37. Qf1 Qxf1+ 38. Kxf1 Rg6 39. Kf2 Ke7 40.
Rh5 Rg7 41. Kf3 a6 42. a4 Kf8 43. g4 Re7 44. Kf4 Kg7 45. Kf5 h6 46. Rh3 Rb7 47.
Re3 Re7 48. Rb3 Rb7 49. a5 b5 50. cxb5 c4 51. Rb4 axb5 52. a6 Ra7 53. Rxb5 Rxa6
54. Rb7+ 1-0

[Event "Obert Barbera 2007 Grup B"]
[Site "?"]
[Date "2007.07.10"]
[Round "5"]
[White "Canellas Magide, Lluis"]
[Black "Martinez Ramirez, Erik"]
[Result "1-0"]
[WhiteElo "2111"]
[BlackElo "1792"]
[PlyCount "63"]
[SourceDate "2007.07.07"]

1. Nc3 c5 2. d4 cxd4 3. Qxd4 Nc6 4. Qh4 d6 5. Bg5 g6 6. e4 Bg7 7. Bc4 Qb6 8.
Nge2 Nf6 9. O-O O-O 10. Nd5 Nxd5 11. exd5 Na5 12. Bd3 e6 13. b4 Bxa1 14. Rxa1
f5 15. Be7 Rf7 16. Bd8 Rc7 17. Bxc7 Qxc7 18. bxa5 e5 19. Qc4 Qxa5 20. Qb5 Qd8
21. Rb1 Rb8 22. Qa4 a6 23. Qb4 b5 24. Qd2 Bb7 25. c4 e4 26. Bc2 bxc4 27. Qd4
Ba8 28. Rxb8 Qxb8 29. Nf4 Qb4 30. g3 g5 31. Ne6 Qb7 32. Qf6 1-0

[Event "Obert Barbera 2007 Grup B"]
[Site "?"]
[Date "2007.07.10"]
[Round "5"]
[White "Ayza Casamitjana, Antoni"]
[Black "Meyer, Kuno"]
[Result "0-1"]
[WhiteElo "2010"]
[BlackElo "1759"]
[PlyCount "56"]
[SourceDate "2007.07.07"]

1. e4 e5 2. Nf3 d6 3. d4 exd4 4. Nxd4 Nf6 5. Nc3 Be7 6. f3 Bd7 7. Be3 Nc6 8.
Qd2 O-O 9. O-O-O Nxd4 10. Bxd4 a6 11. g4 Bxg4 12. fxg4 Nxg4 13. Kb1 Bg5 14. Qe2
Nh6 15. Rg1 f5 16. Qh5 Nf7 17. Bc4 Bf6 18. Rxg7+ Kxg7 19. Rg1+ Kh8 20. Bxf6+
Qxf6 21. Nd5 Qd4 22. Rd1 Qxc4 23. Nf6 Ng5 24. Qxg5 Qf7 25. Nd5 fxe4 26. Qe3
Qxd5 27. Qc3+ Qe5 28. Qxc7 e3 0-1

[Event "Obert Barbera 2007 Grup B"]
[Site "?"]
[Date "2007.07.10"]
[Round "5"]
[White "Frances Cuscullola, Oriol"]
[Black "Romeo Ros, Joaquin"]
[Result "1-0"]
[WhiteElo "1967"]
[BlackElo "1727"]
[PlyCount "37"]
[SourceDate "2007.07.07"]

1. d4 d5 2. c4 e6 3. Nc3 c6 4. cxd5 exd5 5. Nf3 Nf6 6. Bg5 Be7 7. e3 O-O 8. Bd3
Be6 9. Qc2 Nbd7 10. O-O Re8 11. Ne2 Nf8 12. Nf4 Rc8 13. Nxe6 fxe6 14. Ne5 N6d7
15. Nxd7 Qxd7 16. Bf4 Bf6 17. Rfd1 e5 18. Bf5 Qf7 19. dxe5 1-0

[Event "Obert Barbera 2007 Grup B"]
[Site "?"]
[Date "2007.07.11"]
[Round "6"]
[White "Capellades Subirana, Marc"]
[Black "Rodriguez Pardo, Fernando"]
[Result "0-1"]
[WhiteElo "2112"]
[BlackElo "2058"]
[PlyCount "114"]
[SourceDate "2007.07.07"]

1. e4 c6 2. d4 d5 3. Nc3 a6 4. Nf3 Bg4 5. Be2 e6 6. a3 Nf6 7. exd5 cxd5 8. O-O
Be7 9. Re1 O-O 10. Ng5 Bxe2 11. Qxe2 Nc6 12. Qd3 Qb6 13. Be3 Na5 14. Bf4 g6 15.
Be5 Rac8 16. Rab1 Qc6 17. Qh3 Nh5 18. g4 Bxg5 19. gxh5 Nc4 20. hxg6 fxg6 21.
Bg3 Rf5 22. Kh1 Nxb2 23. Rxb2 Qxc3 24. Rbb1 Re8 25. Qf1 b5 26. a4 Bf4 27. axb5
axb5 28. Qxb5 Ref8 29. Qe2 Bxg3 30. fxg3 Qxd4 31. Qxe6+ Kh8 32. Qe3 Rf1+ 33.
Kg2 R8f2+ 34. Kh3 Qxe3 35. Rxe3 Rxb1 36. Rd3 Rb5 37. c3 Rc5 38. Re3 Rc2 39.
Re8+ Kg7 40. Re7+ Kg8 41. Re8+ Kf7 42. Rd8 R2xc3 43. Rd7+ Kg8 44. Rd8+ Kg7 45.
Rd7+ Kh6 46. Kh4 R5c4+ 47. Kh3 d4 48. Kg2 d3 49. Kh3 Re4 50. Rd6 Re2 51. Kg4
Rxh2 52. Kf4 d2 53. g4 Rf2+ 54. Ke4 Rg3 55. Rd5 Rxg4+ 56. Ke3 Rh2 57. Kf3 Rg1
0-1

[Event "Obert Barbera 2007 Grup B"]
[Site "?"]
[Date "2007.07.11"]
[Round "6"]
[White "Franch Guiral, Ramon"]
[Black "Ruiz Manchon, Francesc Xavier"]
[Result "1-0"]
[WhiteElo "1989"]
[BlackElo "2093"]
[PlyCount "45"]
[SourceDate "2007.07.07"]

1. f4 Nf6 2. Nf3 d5 3. e3 Bg4 4. d4 c5 5. c3 e6 6. Bd3 Nc6 7. O-O Be7 8. Nbd2
O-O 9. Qe1 Bf5 10. Bb1 b5 11. Ne5 Rc8 12. h3 b4 13. g4 Bxb1 14. Rxb1 Qa5 15.
cxb4 Nxb4 16. a3 Nc2 17. Qf2 cxd4 18. Nb3 dxe3 19. Qxc2 Qb5 20. Qd3 Qxd3 21.
Nxd3 e2 22. Re1 Rc2 23. Nd4 1-0

[Event "Obert Barbera 2007 Grup B"]
[Site "?"]
[Date "2007.07.11"]
[Round "6"]
[White "Vigo Allepuz, David"]
[Black "Delgadillo Torrico, Felipe"]
[Result "0-1"]
[WhiteElo "2141"]
[BlackElo "2038"]
[PlyCount "138"]
[SourceDate "2007.07.07"]

1. d4 b6 2. c4 Bb7 3. Nc3 e6 4. e4 Bb4 5. d5 e5 6. Nf3 Bxc3+ 7. bxc3 d6 8. Rb1
Bc8 9. Bg5 f6 10. Be3 Ne7 11. Bd3 O-O 12. O-O g5 13. Nd2 Qe8 14. Be2 Qf7 15.
Rb2 Ng6 16. g3 Bh3 17. Bg4 Bxg4 18. Qxg4 Kh8 19. Kh1 Rg8 20. Qe2 Nd7 21. Nb3 a5
22. Nc1 Ne7 23. f4 gxf4 24. gxf4 exf4 25. Rxf4 Ng6 26. Rf1 Rae8 27. Bd4 Nge5
28. Nb3 Rg6 29. Bf2 Reg8 30. Bg3 Rxg3 31. hxg3 Rxg3 32. Qh2 Rg5 33. Rf5 Qg6 34.
Rxg5 fxg5 35. Nd2 h5 36. Rb1 Kg7 37. Rf1 Ng4 38. Qg3 Nde5 39. Rf5 h4 40. Qg1
Kh6 41. Nf3 Nxf3 42. Qxg4 Ne5 43. Qh3 Qh5 44. Qf1 Qg4 45. Qg2 Kh5 46. Rf8 Qxg2+
47. Kxg2 Kg4 48. c5 h3+ 49. Kh1 bxc5 50. Rg8 Kf4 51. Rg7 g4 52. Rh7 Kxe4 53.
Kh2 Kxd5 54. Rxc7 Kc4 55. Ra7 Kxc3 56. Rxa5 Kb4 57. Ra8 c4 58. Rb8+ Kc5 59. a4
Nc6 60. Rb1 c3 61. Kg3 d5 62. Kxg4 h2 63. Kf4 Kc4 64. Kg3 c2 65. Ra1 Na5 66.
Kxh2 Kc3 67. Kg3 d4 68. Kf2 d3 69. Ke3 Nc4+ 0-1

[Event "Obert Barbera 2007 Grup B"]
[Site "?"]
[Date "2007.07.11"]
[Round "6"]
[White "Exposito Cabrera, Joaquin"]
[Black "Aguilera Bonaque, Juan Carlos"]
[Result "1-0"]
[WhiteElo "2040"]
[BlackElo "2035"]
[PlyCount "61"]
[SourceDate "2007.07.07"]

1. e4 c5 2. Nf3 Nc6 3. Bb5 Nf6 4. Bxc6 bxc6 5. e5 Nd5 6. O-O g6 7. c3 Ba6 8. d3
c4 9. dxc4 Bxc4 10. Re1 Bg7 11. Qd4 Ba6 12. Qh4 h6 13. Nbd2 d6 14. e6 Bf6 15.
exf7+ Kxf7 16. Qa4 Qc8 17. Ne4 c5 18. Qd1 Qc6 19. Nxf6 exf6 20. Qc2 Ne7 21.
Qb3+ d5 22. Be3 Nf5 23. Rad1 Nxe3 24. Rxe3 Bc4 25. Qa3 g5 26. Rde1 Rhd8 27.
Re7+ Kg6 28. R1e6 Qc8 29. g4 Qb8 30. Qa4 Bb5 31. Qc2+ 1-0

[Event "Obert Barbera 2007 Grup B"]
[Site "?"]
[Date "2007.07.11"]
[Round "6"]
[White "Ferrer Roche, Marc"]
[Black "Mas Recorda, Pere"]
[Result "1/2-1/2"]
[WhiteElo "2095"]
[BlackElo "2050"]
[PlyCount "53"]
[SourceDate "2007.07.07"]

1. d4 e6 2. Nf3 f5 3. Bg5 Nf6 4. Nbd2 d5 5. e3 Bd6 6. c4 c6 7. Bd3 Nbd7 8. cxd5
cxd5 9. Qb3 O-O 10. Rc1 h6 11. Bh4 Qe7 12. Kd1 g5 13. Bg3 Ne4 14. Kc2 b6 15.
Bxe4 fxe4 16. Ne5 Bxe5 17. dxe5 Ba6 18. Kb1 Rfc8 19. f3 Bd3+ 20. Ka1 Rc5 21.
fxe4 dxe4 22. Rc3 Rac8 23. Rhc1 Rxc3 24. Rxc3 Rxc3 25. Qxc3 Qc5 26. Qxc5 Nxc5
27. b3 1/2-1/2

[Event "Obert Barbera 2007 Grup B"]
[Site "?"]
[Date "2007.07.11"]
[Round "6"]
[White "L'Hermitte, Emmanuel"]
[Black "Molero Tejada, Santiago"]
[Result "1/2-1/2"]
[WhiteElo "2048"]
[BlackElo "2009"]
[PlyCount "125"]
[SourceDate "2007.07.07"]

1. d4 d5 2. c4 e6 3. Nc3 Nf6 4. Nf3 Bb4 5. Qa4+ Nc6 6. Bg5 a6 7. cxd5 Bxc3+ 8.
bxc3 exd5 9. Ne5 Bd7 10. Nxd7 Qxd7 11. Bxf6 gxf6 12. e3 Rg8 13. Rb1 Rb8 14. Qc2
Rg7 15. Be2 Rxg2 16. Qxh7 Ke7 17. Bf3 Rgg8 18. Qc2 Na5 19. Qb2 Nc4 20. Qb4+ Kd8
21. Be2 Nb6 22. Kd2 Qe7 23. Qc5 Qxc5 24. dxc5 Nc4+ 25. Bxc4 dxc4 26. Rhg1 Rxg1
27. Rxg1 Ke7 28. h4 Rd8+ 29. Kc2 b5 30. cxb6 cxb6 31. Rg4 b5 32. h5 Rh8 33. Rh4
Rh6 34. Kb2 f5 35. Ka3 Ke6 36. Kb4 Kd6 37. a4 Kc6 38. f3 Kb6 39. axb5 axb5 40.
e4 fxe4 41. fxe4 Kc6 42. Rf4 Rxh5 43. Rf6+ Kc7 44. Rxf7+ Kd6 45. Rf5 Rh4 46.
Rd5+ Ke6 47. Rxb5 Rxe4 48. Rc5 Kd6 49. Rxc4 Rxc4+ 50. Kxc4 Kc6 51. Kd4 Kd6 52.
c4 Kc6 53. Kc3 Kc5 54. Kb3 Kc6 55. Kb4 Kb6 56. c5+ Kc6 57. Kc4 Kc7 58. Kd5 Kd7
59. c6+ Kc7 60. Kc5 Kc8 61. Kd6 Kd8 62. c7+ Kc8 63. Kc6 1/2-1/2

[Event "Obert Barbera 2007 Grup B"]
[Site "?"]
[Date "2007.07.11"]
[Round "6"]
[White "Valarezzo Ricard, Pedro"]
[Black "Garcia Riera, Josep"]
[Result "1/2-1/2"]
[WhiteElo "1976"]
[BlackElo "2033"]
[PlyCount "68"]
[SourceDate "2007.07.07"]

1. d4 d5 2. Bf4 Nf6 3. e3 e6 4. Nf3 Bd6 5. Ne5 O-O 6. Nd2 c5 7. c3 Nc6 8. Bd3
Qc7 9. Ndf3 Nd7 10. Bxh7+ Kxh7 11. Ng5+ Kg8 12. Nxd7 Bxf4 13. exf4 Qxd7 14. Qh5
Re8 15. Qh7+ Kf8 16. Qh8+ Ke7 17. Qxg7 Kd6 18. dxc5+ Kc7 19. Qxf7 e5 20. O-O-O
Qxf7 21. Nxf7 exf4 22. Nd6 Re5 23. Nb5+ Kb8 24. Rde1 a6 25. Nd6 Bd7 26. h4 Kc7
27. Nf7 Rxe1+ 28. Rxe1 Rf8 29. Ng5 Rh8 30. g3 fxg3 31. fxg3 d4 32. cxd4 Nxd4
33. Re4 Nf5 34. Rg4 Nxg3 1/2-1/2

[Event "Obert Barbera 2007 Grup B"]
[Site "?"]
[Date "2007.07.11"]
[Round "6"]
[White "Rios Torondell, Jaume"]
[Black "Slimani, Abderezzak"]
[Result "1/2-1/2"]
[WhiteElo "2017"]
[BlackElo "1974"]
[PlyCount "163"]
[SourceDate "2007.07.07"]

1. e4 c5 2. Nf3 e6 3. d4 cxd4 4. Nxd4 Bc5 5. Nb3 Bb6 6. c4 Ne7 7. Nc3 a6 8. Qg4
O-O 9. Bf4 f5 10. Qg3 fxe4 11. c5 Nf5 12. Qg5 e3 13. fxe3 Qxg5 14. Bxg5 Bd8 15.
Bxd8 Rxd8 16. e4 Nh6 17. Rd1 Nc6 18. Be2 Nf7 19. Na4 Nce5 20. Nb6 Rb8 21. O-O
d6 22. Bh5 g6 23. Be2 Bd7 24. cxd6 Bc6 25. Nc4 Bxe4 26. Nc5 Bd5 27. Nb6 Rxd6
28. Nxd5 exd5 29. Rf4 d4 30. Rfxd4 Rxd4 31. Rxd4 Rd8 32. Rxd8+ Nxd8 33. Kf2 Kf7
34. Ke3 Ke7 35. Ke4 Kd6 36. Nd3 Ndc6 37. Nf2 h6 38. Ng4 Nxg4 39. Bxg4 b6 40.
Be2 a5 41. Bb5 Ne7 42. Be8 Ke6 43. Ba4 g5 44. Bb3+ Kd6 45. Bc4 Kc5 46. Bf7 Kd6
47. g3 b5 48. Be8 b4 49. Kd4 Nd5 50. Kc4 Nc7 51. Bf7 Kc6 52. h4 gxh4 53. gxh4
Kd6 54. Bg6 Kc6 55. Be4+ Kb6 56. Bf5 Kc6 57. Bg6 Kd6 58. Be4 Ke5 59. Bc6 Kd6
60. Bf3 Ne6 61. Bg4 Nc5 62. Kb5 b3 63. axb3 Nxb3 64. Ka4 Nd2 65. Be2 Kc5 66.
Kxa5 Nb3+ 67. Ka4 Nd4 68. Bg4 Nc6 69. Bf3 Nb4 70. Be4 Na2 71. Kb3 Nb4 72. Kc3
Na6 73. Bb7 Nb4 74. b3 Na2+ 75. Kd3 Nc1+ 76. Ke4 Nxb3 77. Kf5 Nd4+ 78. Kg6 Kd6
79. h5 Ne6 80. Kxh6 Nf4 81. Kg5 Nxh5 82. Kxh5 1/2-1/2

[Event "Obert Barbera 2007 Grup B"]
[Site "?"]
[Date "2007.07.11"]
[Round "6"]
[White "Gomez Jimenez, Ruben"]
[Black "Canellas Magide, Lluis"]
[Result "0-1"]
[WhiteElo "1916"]
[BlackElo "2111"]
[PlyCount "78"]
[SourceDate "2007.07.07"]

1. d4 f5 2. c4 Nf6 3. Nc3 d6 4. Bg5 Nbd7 5. e3 g6 6. Bd3 Bg7 7. f4 e5 8. fxe5
dxe5 9. Nge2 c6 10. O-O O-O 11. Qd2 h6 12. Bh4 g5 13. Bg3 f4 14. Bf2 exd4 15.
Nxd4 Ne5 16. Rad1 Nfg4 17. Qe2 Qe8 18. h3 Nxd3 19. Rxd3 Ne5 20. Rd2 f3 21. Nxf3
Nxf3+ 22. gxf3 Bxh3 23. Rfd1 Qh5 24. Ne4 Qxf3 25. Qxf3 Rxf3 26. b3 Be5 27. Rd8+
Rxd8 28. Rxd8+ Kg7 29. Re8 Bb2 30. Re7+ Rf7 31. Rxf7+ Kxf7 32. Nd6+ Ke7 33.
Nxb7 Bc8 34. Nc5 Kd6 35. Nd3 Bg7 36. Kg2 Bf5 37. Bg3+ Ke7 38. Be5 Bxe5 39. Nxe5
Kf6 0-1

[Event "Obert Barbera 2007 Grup B"]
[Site "?"]
[Date "2007.07.11"]
[Round "6"]
[White "Frances Cuscullola, Oriol"]
[Black "Echarri Torres, Miguel"]
[Result "1-0"]
[WhiteElo "1967"]
[BlackElo "2113"]
[PlyCount "85"]
[SourceDate "2007.07.07"]

1. Nf3 c5 2. g3 Nc6 3. Bg2 g6 4. b3 Bg7 5. Nc3 e6 6. Bb2 Nge7 7. O-O O-O 8. e3
e5 9. e4 d6 10. Re1 h6 11. Ne2 d5 12. exd5 Nxd5 13. Nc3 Nde7 14. d3 Bg4 15. h3
Be6 16. Ne4 b6 17. Kh2 Qc7 18. Qe2 Rac8 19. Rad1 Nd5 20. Ned2 Nd4 21. Nxd4 cxd4
22. Nc4 f6 23. Bxd4 Nb4 24. Bb2 Nxa2 25. Ra1 Nb4 26. Ba3 a5 27. c3 Nd5 28. Bd6
Nxc3 29. Qd2 Qd8 30. Bxf8 Bxf8 31. Qxc3 b5 32. Qxa5 bxc4 33. Qxd8 Rxd8 34. dxc4
Bb4 35. Red1 Rd4 36. Rxd4 exd4 37. Bd5 Bxd5 38. cxd5 d3 39. Kg2 Kf7 40. Kf3 Bc3
41. Ra7+ Ke8 42. Ke3 d2 43. Ke2 1-0

[Event "Obert Barbera 2007 Grup B"]
[Site "?"]
[Date "2007.07.11"]
[Round "6"]
[White "Basas Gamazo, Josep"]
[Black "Gonzalez Muelas, Javier"]
[Result "1-0"]
[WhiteElo "2089"]
[BlackElo "1933"]
[PlyCount "59"]
[SourceDate "2007.07.07"]

1. e4 e5 2. Nf3 Nc6 3. Bb5 a6 4. Bxc6 dxc6 5. O-O Bg4 6. h3 Bh5 7. d3 Bd6 8.
Nbd2 Ne7 9. Nc4 f6 10. c3 Qd7 11. d4 O-O-O 12. Qd3 Bc5 13. b4 Ba7 14. Nfxe5
fxe5 15. Nxe5 Qe6 16. Bf4 Ng6 17. Nxg6 Bxg6 18. f3 Bf7 19. g4 Rhg8 20. Be3 g5
21. Rfb1 h5 22. b5 a5 23. bxc6 Qxc6 24. d5 Qa6 25. c4 Rd6 26. Rb5 c6 27. Rb3
Bxe3+ 28. Qxe3 Qxc4 29. Rab1 Qa6 30. Rb6 1-0

[Event "Obert Barbera 2007 Grup B"]
[Site "?"]
[Date "2007.07.11"]
[Round "6"]
[White "Trabalon Cerrato, Ivan"]
[Black "Walter Travella, German"]
[Result "0-1"]
[WhiteElo "1919"]
[BlackElo "2055"]
[PlyCount "66"]
[SourceDate "2007.07.07"]

1. e4 Nc6 2. Nf3 e6 3. d4 d5 4. e5 a6 5. Be2 f6 6. O-O fxe5 7. dxe5 Bc5 8. a3
Nge7 9. b4 Ba7 10. Bg5 O-O 11. Bd3 Qe8 12. Bxe7 Nxe7 13. Ng5 Nf5 14. Kh1 h6 15.
Nh7 Kxh7 16. g4 g6 17. gxf5 exf5 18. f4 Be6 19. Be2 Qd8 20. Qe1 Be3 21. Nd2 d4
22. Bf3 Bxf4 23. Bg2 Be3 24. Nb3 Bd5 25. Qg3 f4 26. Qg4 f3 27. Bxf3 Rf4 28. Qg2
Rxf3 29. Rxf3 Qh4 30. e6 Bf4 31. Kg1 Bxf3 32. Qxf3 Rf8 33. e7 Bxh2+ 0-1